00292nam a2200109Ia 450000500170000000800410001710000210005824500690007926000100014830000110015865000130016920260328104306.0260328s9999||||xx |||||||||||||| ||und|| aAkşit, İlhan 4aThe History Architecture of the Hagia Sophia /cİlhan Akşit baksit a298 p. aHISTORIA